| Tag |
First Indicator |
Second Indicator |
Subfields |
| LEADER |
00000cam a2200000 a 4500 |
| 001 |
in00001761837 |
| 005 |
20151025051822.0 |
| 008 |
000915s1999 ru 000 0 ruso |
| 010 |
|
|
|a 00407562
|
| 020 |
|
|
|a 5871350720
|
| 035 |
|
|
|a (OCoLC)ocm41956930
|
| 040 |
|
|
|a DLC
|c DLC
|d TXA
|d UtOrBLW
|
| 049 |
|
|
|a TXAM
|
| 050 |
0 |
0 |
|a PG3487.V33
|b A6 1999
|
| 100 |
1 |
|
|a Shvart͡s, Elena.
|
| 240 |
1 |
0 |
|a Poems.
|k Selections
|
| 245 |
1 |
0 |
|a Stikhotvorenii︠a︡ i poėmy Eleny Shvart︠s︡.
|
| 264 |
|
1 |
|a Sankt-Peterburg :
|b Inapress,
|c 1999.
|
| 300 |
|
|
|a 509 pages ;
|c 17 cm.
|
| 336 |
|
|
|a text
|b txt
|2 rdacontent
|
| 337 |
|
|
|a unmediated
|b n
|2 rdamedia
|
| 338 |
|
|
|a volume
|b nc
|2 rdacarrier
|
| 948 |
|
|
|a cataloged
|b h
|c 2003/5/2
|d c
|e spoltoratski
|f 9:47:41 am
|
| 994 |
|
|
|a E0
|b TXA
|
| 999 |
|
|
|a MARS
|
| 999 |
f |
f |
|s 8fc30a4f-7c92-3066-9f7e-44e81236660a
|i c353e214-c048-3b52-8bf9-78b2e7ff1a1b
|t 0
|
| 952 |
f |
f |
|p ric
|a Texas A&M University
|b Rellis Campus
|c Joint Library Facility
|d Remote Storage
|t 0
|e PG3487.V33 A6 1999
|h Library of Congress classification
|i unmediated -- volume
|m A14830073179
|
| 998 |
f |
f |
|a PG3487.V33 A6 1999
|t 0
|l Remote Storage
|